Central Library OPAC University of Rajshahi
Normal view MARC view

Entry Personal Name

Number of records used in: 1

001 - CONTROL NUMBER

  • control field: 11597

003 - CONTROL NUMBER IDENTIFIER

  • control field: BD-RjUL

005 - DATE AND TIME OF LATEST TRANSACTION

  • control field: 20240210153803.0

008 - FIXED-LENGTH DATA ELEMENTS

  • fixed length control field: 240210|| aca||aabn | a|a d

040 ## - CATALOGING SOURCE

  • Original cataloging agency: BD-RjUL
  • Transcribing agency: BD-RjUL

100 ## - HEADING--PERSONAL NAME

  • Personal name: Bhuyain, Mohammad. Abdul Baten

670 ## - SOURCE DATA FOUND

  • Source citation: Work cat.: (BD-RjUL)83028: Bhuyain, Mohammad. Abdul Baten, Formulation of different types of sinking and floating feeds and their effect on growth of monosex tilapia / , 2018